000 01222nam a22002411a 4500
001 17848
003 OSt
005 20260204212337.0
008 170102s2015||||dr ||||||b||||||||||spa||
090 _aEDU-OR 2016 C789
100 1 _aDe la Cruz Espinal, Magdeleny
_esustentante
245 1 _aFunción orientadora del docente en el proceso enseñanza aprendizaje del Liceo Juan Bosch, Distrito Escolar 16-01, Cotuí año 2015-2016 / Magdeleny De la Cruz Espinal, Yulenny Pérez Mendoza y María Dolores Rosario Jiménez. ; asesor Milady Altagracia Lazala Calderón
260 _aCotuí, República Dominicana :
_bUTECO,
_c2016
300 _a 78 hojas :
_bIlustraciones ;
_c28cm.
502 _aTrabajo de grado (Licenciatura en Educación, Mención Orientación Escolar)--Universidad Tecnológica del Cibao Oriental, 2016
504 _aIncluye referencia bibliográfica e índice
650 _aEDUCACIÓN 2. ORIENTACIÓN ESCOLARÌ
700 1 _a Pérez Mendoza, Yulenny
_esustentante
700 1 _a Rosario Jiménez, María Dolores
_esustentante
700 1 _a Lazala Calderón, Milady Altagracia
_easesor
830 _aTesis y disertaciones académicas (Universidad Tecnológica del Cibao Oriental)
942 _2LC
_cTH
999 _c17848
_d17848